ESSENTIAL PATHOLOGY FOR PHYSIOTHERAPY STUDENTS (Record no. 16978)
[ view plain ]
| 000 -LEADER | |
|---|---|
| fixed length control field | 00338nam a22001457a 4500 |
| 003 - CONTROL NUMBER IDENTIFIER | |
| control field | SGT |
| 020 ## - INTERNATIONAL STANDARD BOOK NUMBER | |
| International Standard Book Number | 978-93-5270-508-9 |
| 082 ## - DEWEY DECIMAL CLASSIFICATION NUMBER | |
| Classification number | 616.07 |
| Item number | E19M |
| 100 ## - MAIN ENTRY--PERSONAL NAME | |
| Personal name | MOHAN, HARSH |
| 245 ## - TITLE STATEMENT | |
| Title | ESSENTIAL PATHOLOGY FOR PHYSIOTHERAPY STUDENTS |
| 250 ## - EDITION STATEMENT | |
| Edition statement | 1ST |
| 260 ## - PUBLICATION, DISTRIBUTION, ETC. (IMPRINT) | |
| Place of publication, distribution, etc | INDIA |
| Name of publisher, distributor, etc | JAYPEE PUB. |
| Year of Publication | 2019 |
| 300 ## - PAGE DESCRIPTION | |
| No. of Pages | 580 |
| 942 ## - ADDED ENTRY ELEMENTS (KOHA) | |
| Source of classification or shelving scheme | Dewey Decimal Classification |
| Koha item type | Books |
| 942 ## - ADDED ENTRY ELEMENTS (KOHA) | |
| -- | 112 |
| Withdrawn status | Lost status | Source of classification or shelving scheme | Damaged status | Not for loan | Collection code | Home library | Current library | Shelving location | Date acquired | Vendor Name | Cost, normal purchase price | SGTU | Bill Number | Total Checkouts | Total Renewals | Full call number | Accession No. (Barcode) | Date last seen | Date last borrowed | Bill Date | Koha item type |
|---|---|---|---|---|---|---|---|---|---|---|---|---|---|---|---|---|---|---|---|---|---|
| Dewey Decimal Classification | Not For Loan | MEDICAL | SGT Medical Library | SGT Medical Library | Text Book | 22/02/2019 | ABC DELHI | 890.00 | SGTU | 10441 | 20 | 1 | 616.07 E19M | FM11171 | 09/10/2023 | 09/10/2023 | 20/12/2018 | Books | |||
| Dewey Decimal Classification | MEDICAL | SGT Medical Library | SGT Medical Library | Text Book | 22/02/2019 | ABC DELHI | 890.00 | SGTU | 10441 | 49 | 616.07 E19M | FM11172 | 27/05/2026 | 14/05/2026 | 20/12/2018 | Books | |||||
| Dewey Decimal Classification | MEDICAL | SGT Medical Library | SGT Medical Library | Text Book | 22/02/2019 | ABC DELHI | 890.00 | SGTU | 10441 | 13 | 616.07 E19M | FM11173 | 05/04/2021 | 22/03/2021 | 20/12/2018 | Books | |||||
| Dewey Decimal Classification | MEDICAL | SGT Medical Library | SGT Medical Library | Text Book | 22/02/2019 | ABC DELHI | 890.00 | SGTU | 10441 | 49 | 1 | 616.07 E19M | FM11174 | 10/06/2025 | 23/05/2025 | 20/12/2018 | Books | ||||
| Dewey Decimal Classification | MEDICAL | SGT Medical Library | SGT Medical Library | Text Book | 22/02/2019 | ABC DELHI | 890.00 | SGTU | 10441 | 45 | 2 | 616.07 E19M | FM11175 | 10/06/2025 | 29/05/2025 | 20/12/2018 | Books |